000 004470000a22001810004500
003 MACL
005 20160124120716.0
008 160124b xxu||||| |||| 00| 0 eng d
040 _aMACL
_cMACL
041 _aEnglish
082 _a616.994/GAY
100 _aGaynor's Dr.
_934421
245 _aCabcer prevention Program
260 _bMagna Publishing
_c2001
_aMumbai
350 _a175
650 _aDisearve
_934422
942 _cBK
_k616.994/Gya
_2ddc
999 _c31722
_d31722